25 Random IMDb Top 100 Movies Quiz - Statistics

General Stats
  • This quiz has been taken 139 times
  • The average score is 14 of 25
Answer Stats
Year Actor Movie # % Correct
1972 Marlon Brando The Godfather 2
95%
1999 Keanu Reeves The Matrix 15
95%
1995 Mel Gibson Braveheart 86
94%
1994 Morgan Freeman The Shawshank Redemption 1
90%
1990 Joe Pesci Goodfellas 16
89%
1994 Tom Hanks Forrest Gump 12
88%
2019 Joaquin Phoenix Joker 54
88%
1979 Sigourney Weaver Alien 72
86%
2019 Robert Downey Jr. Avengers: Endgame 57
86%
2003 Elijah Wood The Lord of the Rings: The Return of the King 6
86%
2008 Christian Bale The Dark Knight 3
85%
1991 Jodie Foster The Silence of the Lambs 27
85%
2000 Russell Crowe Gladiator 37
84%
2002 Adrien Brody The Pianist 36
84%
1975 Jack Nicholson One Flew Over the Cuckoo's Nest 19
83%
1977 Harrison Ford Star Wars 28
83%
1999 Kevin Spacey American Beauty 83
82%
1981 Harrison Ford Raiders of the Lost Ark 69
82%
1985 Michael J. Fox Back to the Future 45
81%
2012 Jamie Foxx Django Unchained 60
81%
1993 Liam Neeson Schindler's List 8
78%
1941 Orson Welles Citizen Kane 99
77%
1980 Jack Nicholson The Shining 70
77%
1995 Kevin Spacey The Usual Suspects 39
77%
1994 Samuel L. Jackson Pulp Fiction 7
76%
1974 Al Pacino The Godfather: Part II 4
76%
1995 Brad Pitt Se7en 26
75%
2020 Lin-Manuel Miranda Hamilton 52
73%
2014 J.K. Simmons Whiplash 32
71%
2004 Jim Carrey Eternal Sunshine of the Spotless Mind 81
69%
1979 Marlon Brando Apocalypse Now 71
68%
2010 Leonardo DiCaprio Inception 9
68%
1957 Henry Fonda 12 Angry Men 5
67%
1998 Tom Hanks Saving Private Ryan 23
67%
1992 Steve Buscemi Reservoir Dogs 87
65%
1980 Carrie Fisher The Empire Strikes Back 17
65%
2018 Scarlett Johansson Avengers: Infinity War 58
64%
1998 Edward Norton American History X 38
63%
2014 Anne Hathaway Interstellar 20
63%
2006 Leonardo DiCaprio The Departed 35
61%
1940 Charlie Chaplin The Great Dictator 78
61%
1942 Humphrey Bogart Casablanca 49
60%
1997 Matt Damon Good Will Hunting 84
60%
2000 Guy Pearce Memento 67
60%
1966 Clint Eastwood The Good, the Bad and the Ugly 13
59%
1999 Tom Hanks The Green Mile 24
59%
1994 James Earl Jones The Lion King 41
59%
1999 Brad Pitt Fight Club 10
58%
1997 Roberto Benigni Life Is Beautiful 25
58%
2019 Song Kang-ho Parasite 18
57%
2001 Liv Tyler The Lord of the Rings: The Fellowship of the Ring 11
57%
1964 Peter Sellers Dr. Strangelove or: How I Learned to Stop Worrying and Love the Bomb 74
56%
2018 Shameik Moore Spider-Man: Into the Spider Verse 56
56%
1931 Charlie Chaplin City Lights 51
55%
1946 Jimmy Stewart It's a Wonderful Life 31
55%
1994 Jean Reno Léon: The Professional 40
55%
2012 Tom Hardy The Dark Knight Rises 61
55%
2003 Min-sik Choi Oldboy 66
54%
1960 Anthony Perkins Psycho 47
53%
1954 Takashi Shimura Seven Samurai 30
52%
2009 Brad Pitt Inglourious Basterds 80
50%
2002 Ian McKellan The Lord of the Rings: The Two Towers 14
50%
2006 Christian Bale The Prestige 34
50%
2002 Alexandre Rodrigues City of God 21
48%
2017 Gael García Bernal Coco 59
48%
2000 Jared Leto Requiem for a Dream 82
45%
1984 F. Murray Abraham Amadeus 91
43%
1936 Charlie Chaplin Modern Times 50
43%
1981 Jürgen Prochnow Das Boot 93
38%
2012 Mads Mikkelsen The Hunt 79
38%
1995 Tom Hanks Toy Story 85
38%
1952 Gene Kelly Singin' in the Rain 97
33%
1950 Gloria Swanson Sunset Boulevard 77
33%
1958 Kim Novak Vertigo 96
33%
1983 Billy Dee Williams Return of the Jedi 92
32%
1985 Aleksey Kravchenko Come and See 88
29%
1988 Tsutomu Tatsumi Grave of the Fireflies 44
29%
1954 Grace Kelly Rear Window 48
29%
1986 Paul Reiser Aliens 89
26%
1948 Lamberto Maggiorani Bicycle Thieves 98
25%
1962 Tatsuya Nakadai Hara-Kiri 29
25%
1959 Cary Grant North by Northwest 95
25%
1991 Linda Hamilton Terminator 2 42
25%
2011 Omar Sy The Intouchables 33
25%
2008 Ben Burtt WALL-E 64
25%
2018 Zain Al Rafeea Capernaum 53
24%
1957 Kirk Douglas Paths of Glory 76
24%
2009 Aamir Khan 3 Idiots 62
23%
1931 Peter Lorre M 100
22%
1984 Robert De Niro Once Upon a Time in America 90
22%
1968 Keir Dullea 2001: A Space Odyssey 94
21%
2001 Rumi Hiiragi Spirited Away 22
21%
1997 Yōji Matsuda Princess Mononoke 68
17%
2006 Martina Gedeck The Lives of Others 65
15%
1988 Philippe Noiret Cinema Paradiso 43
14%
1963 Toshiro Mifune High and Low 73
13%
2016 Ryunosuke Kamiki Your Name. 55
13%
1968 Charles Bronson Once Upon a Time in the West 46
10%
2007 Aamir Khan Like Stars on Earth 63
9%
1957 Marlene Dietrich Witness for the Prosecution 75
5%
No matching quizzes found
Score Distribution
Percent of People with Each Score
Percentile by Number Answered
Your Score History
You have not taken this quiz